000 00487nam a2200205Ia 4500
005 20250425162651.0
008 250425s9999 xx 000 0 und d
020 _a0444411577
041 _aeng
082 _a551.46
100 _aLISITZIN, EUGENIE
245 0 _aSEA LEVEL CHANGES
250 _aS.E
260 _aEstados Unidos
_bELSEVIER SCIENTIC PUBLISHING COMPANY
_c1974
260 _aNEW YORK
300 _a286
650 _aOCEANOGRAFIA
942 _c01
010 _a95317
999 _c233972
_d233972